Essentials of Public Finance (Record no. 2897)

MARC details
000 -LEADER
fixed length control field 00343nam a22001337a 4500
008 - FIXED-LENGTH DATA ELEMENTS--GENERAL INFORMATION
fixed length control field 250404b |||||||| |||| 00| 0 eng d
020 ## - INTERNATIONAL STANDARD BOOK NUMBER
ISBN 978136145X
100 ## - MAIN ENTRY--AUTHOR
Author SALAWU R.O.
245 ## - TITLE STATEMENT
Title Essentials of Public Finance
260 ## - PUBLICATION, DISTRIBUTION, ETC. (IMPRINT)
Place of publication Ile Ife
Name of publisher Obafemi Awolowo University Press
Date of publication 2005
300 ## - COLLATION
Pagination vii, 301p.
942 ## - ADDED ENTRY ELEMENTS (KOHA)
Item type Books
050 ## - LIBRARY OF CONGRESS CALL NUMBER
Classification number HJ65
Item number .S25
Holdings
Source of classification or shelving scheme Not for loan Permanent location Current location Date acquired Accession No. Full call number Barcode. Koha item type
Library of Congress Classification   Samuel Ogbemudia Main Library, University of Abuja Samuel Ogbemudia Main Library, University of Abuja 04/04/2025 2014/44029 HJ65.S25 2025-1237 Books